| 000 | 00593nam a22001937a 4500 | ||
|---|---|---|---|
| 003 | 0 | ||
| 005 | 20250916100502.0 | ||
| 008 | 250916b xxu||||| |||| 00| 0 eng d | ||
| 020 | _a978-1-77956-288-3 | ||
| 050 |
_aQA 76.9.D3 _b.L35 2025 |
||
| 100 |
_aLal, Bechoo, _eauthor. |
||
| 245 |
_aModern database management / _cBechoo Lal. |
||
| 260 |
_aCanada : _bToronto Academic Press, _c2025. |
||
| 300 |
_a267 pages : _billustrations ; _c26 cm. |
||
| 504 | _aIncludes bibliographical references and index. | ||
| 650 | _aDatabase management. | ||
| 650 | _aRelational databases. | ||
| 942 |
_2lcc _cBK |
||
| 999 |
_c367974 _d367974 |
||